come si chiamano gli abitanti delle regioni e province d'Italia - Statistics

Statistiche generali
  • Questo quiz è stato fatto 451 volte
  • Il punteggio medio è 85 su 126
Statistiche sulle risposte
REGIONE/PROVINCIA ABITANTI % Corretto
TORINO TORINESI
95%
PIEMONTE PIEMONTESI
94%
LIGURIA LIGURI
91%
LOMBARDIA LOMBARDI
91%
GENOVA GENOVESI
90%
MILANO MILANESI/MENEGHINI
90%
TRENTO TRENTINI
88%
BERGAMO BERGAMASCHI
87%
BRESCIA BRESCIANI
87%
CREMONA CREMONESI
87%
MANTOVA MANTOVANI
87%
VENETO VENETI
87%
VERONA VERONESI
87%
ALESSANDRIA ALESSANDRINI
86%
EMILIA-ROMAGNA EMILIANI/ROMAGNOLI
86%
LECCE LECCESI
86%
NOVARA NOVARESI
86%
PADOVA PADOVANI
86%
VENEZIA VENEZIANI
86%
BOLOGNA BOLOGNESI
85%
AOSTA AOSTANI
84%
BIELLA BIELLESI
84%
TRIESTE TRIESTINI
84%
FERRARA FERRARESI
83%
SAVONA SAVONESI
83%
MODENA MODENESI
82%
TOSCANA TOSCANI
82%
VERCELLI VERCELLESI
82%
BELLUNO BELLUNESI
81%
PAVIA PAVESI
81%
UDINE UDINESI
81%
UMBRIA UMBRI
81%
ABRUZZO ABRUZZESI
80%
FIRENZE FIORENTINI
80%
LIVORNO LIVORNESI
80%
ROMA ROMANI
80%
LAZIO LAZIALI
79%
MONZA E BRIANZA MONZESI/BRIANZOLI
79%
PISA PISANI
79%
TREVISO TREVIGIANI/TREVISANI
79%
FRIULI VENEZIA GIULIA FRIULANI/GIULIANI
78%
LUCCA LUCCHESI
78%
PIACENZA PIACENTINI
78%
MARCHE MARCHIGIANI
77%
PERUGIA PERUGINI
77%
VICENZA VICENTINI
77%
CALABRIA CALABRESI
76%
CAMPANIA CAMPANI
76%
NAPOLI NAPOLETANI
76%
PRATO PRATESI
76%
PUGLIA PUGLIESI
76%
SICILIA SICILIANI/SICULI
76%
GORIZIA GORIZIANI
75%
MOLISE MOLISANI
75%
VALLE D'AOSTA VALDOSTANI
75%
BARI BARESI
74%
PISTOIA PISTOIESI
74%
RIMINI RIMINESI
74%
PALERMO PALERMITANI
73%
SARDEGNA SARDI
73%
MASSA E CARRARA MASSESI/CARRARESI
71%
PESCARA PESCARESI
71%
CASERTA CASERTANI
70%
CATANIA CATANESI
70%
FOGGIA FOGGIANI
70%
SALERNO SALERNITANI
70%
ASTI ASTESI/ASTIGIANI
69%
MESSINA MESSINESI
69%
CROTONE CROTONESI
68%
LA SPEZIA SPEZZINI
68%
TARANTO TARANTINI
68%
TRAPANI TRAPANESI
68%
REGGIO EMILIA REGGIANI
67%
L'AQUILA AQUILANI
66%
COMO COMASCHI
66%
RAGUSA RAGUSANI
66%
SIRACUSA SIRACUSANI
66%
AVELLINO AVELLINESI
65%
PARMA PARMIGIANI
65%
VARESE VARESINI
65%
VITERBO VITERBESI
65%
PORDENONE PORDENONESI
64%
SASSARI SASSARESI
64%
COSENZA COSENTINI
63%
ENNA ENNESI
63%
CAGLIARI CAGLIARITANI
62%
MACERATA MACERATESI
62%
CUNEO CUNEESI
61%
IMPERIA IMPERIESI
61%
LODI LODIGIANI
61%
PESARO-URBINO PESARESI/URBINATI
61%
VERBANO-CUSIO-OSSOLA VERBANESI/CUSIANI/OSSOLANI
61%
ASCOLI PICENO ASCOLANI
60%
BRINDISI BRINDISINI
60%
SIENA SENESI
60%
TERNI TERNANI
60%
AGRIGENTO AGRIGENTINI
59%
CATANZARO CATANZARESI
59%
CHIETI CHIETINI/TEATINI
59%
BASILICATA LUCANI/BASILICATESI/BASILISCHI
59%
NUORO NUORESI
59%
FORLI-CESENA FORLINESI/CESENATI
57%
LATINA LATINESI
57%
LECCO LECCHESI
57%
ANDRIA/BARLETTA/TRANI BARLETTANI/ANDRIESI/TRANESI
55%
REGGIO CALABRIA REGGINI
54%
MATERA MATERANI
52%
ORISTANO ORISTANESI
52%
AREZZO ARETINI
50%
RAVENNA RAVENNATI
50%
SONDRIO SONDRIESI/SONDRASCHI
50%
GROSSETO GROSSETANI
49%
TRENTINO ALTO ADIGE ALTOATESINI
46%
BOLZANO BOLZANINI
46%
TERAMO TERAMANI
46%
POTENZA POTENTINI
45%
FERMO FERMANI
42%
CAMPOBASSO CAMPOBASSANI
29%
RIETI REATINI
28%
FROSINONE FRUSINATI
27%
ROVIGO ROVIGOTTI/RODIGINI
27%
ISERNIA ISERNINI
24%
VIBO VALENTIA VIBONESI
15%
CALTANISSETTA NISSESI
3%
BENEVENTO BEVENTANI
2%
ANCONA ANCOLETANI
1%
Nessun quiz corrispondente trovato
Distribuzione punteggi
Percentuale di utenti per punteggio
Percentile per numero di risposta
I tuoi punteggi nel tempo
Non hai fatto questo quiz